[Event "Blitz 2018"]
[Site "Saint-Petersburg"]
[Date "2018.12.29"]
[Round "3"]
[Board "60"]
[White "Bazeev German (RUS)"]
[Black "Saric Ivan (CRO)"]
[Result "1-0"]
[LiveChessVersion "1.4.8"]
[BlackElo "2572"]
[WhiteElo "2422"]

1. d4 {[%clk 0:03:03]} g6 {[%clk 0:03:04]} 2. e4 {[%clk 0:03:00]} d6
{[%clk 0:03:05]} 3. Nc3 {[%clk 0:03:00]} Bg7 {[%clk 0:03:06]} 4. f4
{[%clk 0:03:01]} Nf6 {[%clk 0:03:07]} 5. Nf3 {[%clk 0:02:58]} O-O
{[%clk 0:03:08]} 6. e5 {[%clk 0:02:58]} dxe5 {[%clk 0:03:09]} 7. dxe5
{[%clk 0:02:58]} Qxd1+ {[%clk 0:03:07]} 8. Nxd1 {[%clk 0:02:59]} Nd5
{[%clk 0:03:03]} 9. c4 {[%clk 0:02:58]} Nb4 {[%clk 0:02:53]} 10. Ne3
{[%clk 0:02:59]} Rd8 {[%clk 0:02:53]} 11. Bd2 {[%clk 0:02:55]} N8c6
{[%clk 0:02:42]} 12. a3 {[%clk 0:02:33]} Nd3+ {[%clk 0:02:43]} 13. Bxd3
{[%clk 0:02:33]} Rxd3 {[%clk 0:02:44]} 14. Ke2 {[%clk 0:02:31]} Rd7
{[%clk 0:02:30]} 15. Bc3 {[%clk 0:02:30]} b6 {[%clk 0:02:31]} 16. Rad1
{[%clk 0:02:24]} e6 {[%clk 0:02:23]} 17. Ng5 {[%clk 0:02:22]} h6 {[%clk 0:01:50]}
18. Ne4 {[%clk 0:02:22]} Kf8 {[%clk 0:01:51]} 19. Ng4 {[%clk 0:02:23]} Rxd1
{[%clk 0:01:41]} 20. Rxd1 Ba6 21. b3 {[%clk 0:02:09]} Rd8 {[%clk 0:01:38]} 22.
Bb4+ {[%clk 0:02:08]} Kg8 {[%clk 0:01:33]} 23. Ngf6+ {[%clk 0:02:09]} Bxf6
{[%clk 0:01:29]} 24. Nxf6+ {[%clk 0:02:09]} Kh8 {[%clk 0:01:22]} 25. Rxd8+
{[%clk 0:01:52]} Nxd8 {[%clk 0:01:23]} 26. Bf8 {[%clk 0:01:53]} h5
{[%clk 0:01:12]} 27. a4 {[%clk 0:01:48]} c5 {[%clk 0:01:08]} 28. Kf2
{[%clk 0:01:27]} Nc6 {[%clk 0:01:09]} 29. Kg3 {[%clk 0:01:28]} Nd4
{[%clk 0:00:58]} 30. Kh4 {[%clk 0:01:30]} Nxb3 {[%clk 0:00:57]} 31. Kg5
{[%clk 0:01:29]} Nd4 {[%clk 0:00:57]} 32. h3 {[%clk 0:01:29]} h4 {[%clk 0:00:18]}
33. Kxh4 {[%clk 0:01:30]} Bxc4 {[%clk 0:00:10]} 34. Kg5 {[%clk 0:01:27]} Nf5
{[%clk 0:00:03]} 35. g4 {[%clk 0:01:28]} Ng7 {[%clk 0:00:03]} 36. Kh6
{[%clk 0:01:28]} Ne8 {[%clk 0:00:03]} 37. Nxe8 {[%clk 0:01:29]} Kg8
{[%clk 0:00:04]} 38. Bg7 {[%clk 0:01:29]} f5 {[%clk 0:00:05]} 39. Kxg6 1-0

[Event "Blitz 2018"]
[Site "Saint-Petersburg"]
[Date "2018.12.29"]
[Round "3"]
[Board "61"]
[White "Zakhartsov Vladimir (RUS)"]
[Black "Usmanov Vasily (RUS)"]
[Result "1/2-1/2"]
[LiveChessVersion "1.4.8"]
[BlackElo "2459"]
[WhiteElo "2567"]

1. e4 {[%clk 0:03:03]} d5 {[%clk 0:03:03]} 2. exd5 {[%clk 0:03:04]} Qxd5
{[%clk 0:03:05]} 3. Nc3 {[%clk 0:03:06]} Qd8 {[%clk 0:03:06]} 4. d4
{[%clk 0:03:07]} Nf6 {[%clk 0:03:07]} 5. Nf3 {[%clk 0:03:04]} c6 {[%clk 0:03:08]}
6. Bc4 {[%clk 0:03:03]} b5 {[%clk 0:03:10]} 7. Bb3 {[%clk 0:03:02]} e6
{[%clk 0:03:11]} 8. O-O {[%clk 0:02:56]} Be7 {[%clk 0:03:12]} 9. a4
{[%clk 0:02:44]} b4 {[%clk 0:03:13]} 10. Ne2 {[%clk 0:02:45]} O-O
{[%clk 0:03:13]} 11. Ng3 {[%clk 0:02:45]} Nbd7 {[%clk 0:03:14]} 12. Re1
{[%clk 0:02:44]} c5 {[%clk 0:03:10]} 13. a5 {[%clk 0:02:36]} Ba6 {[%clk 0:03:09]}
14. Bf4 {[%clk 0:02:24]} c4 {[%clk 0:03:05]} 15. Ba4 {[%clk 0:02:23]} Nd5
{[%clk 0:03:05]} 16. Bd2 {[%clk 0:02:13]} c3 {[%clk 0:03:00]} 17. bxc3
{[%clk 0:02:02]} bxc3 {[%clk 0:03:00]} 18. Bc1 {[%clk 0:01:56]} Rc8
{[%clk 0:02:58]} 19. Bxd7 {[%clk 0:01:51]} Qxd7 20. Ne5 Qb5 {[%clk 0:02:51]} 21.
Nh5 {[%clk 0:01:51]} g6 {[%clk 0:02:46]} 22. Bh6 {[%clk 0:01:41]} Rfd8
{[%clk 0:02:40]} 23. Qf3 {[%clk 0:01:31]} f6 {[%clk 0:02:23]} 24. Nxg6
{[%clk 0:01:04]} hxg6 {[%clk 0:02:21]} 25. Rxe6 {[%clk 0:01:04]} gxh5
{[%clk 0:01:53]} 26. Qxh5 {[%clk 0:00:56]} Nf4 {[%clk 0:01:13]} 27. Qxb5
{[%clk 0:00:08]} Bxb5 {[%clk 0:01:08]} 28. Bxf4 {[%clk 0:00:06]} Rxd4
{[%clk 0:01:04]} 29. Rxe7 {[%clk 0:00:04]} Rxf4 {[%clk 0:01:04]} 30. Rxa7
{[%clk 0:00:06]} Ra4 {[%clk 0:00:50]} 31. Re1 {[%clk 0:00:05]} Re8
{[%clk 0:00:44]} 32. Rc1 {[%clk 0:00:06]} Kf8 {[%clk 0:00:36]} 33. Rc7
{[%clk 0:00:06]} Rxa5 {[%clk 0:00:26]} 34. Rxc3 {[%clk 0:00:06]} Bd7
{[%clk 0:00:26]} 35. h3 {[%clk 0:00:06]} Bf5 {[%clk 0:00:22]} 36. Rf3
{[%clk 0:00:07]} Kf7 {[%clk 0:00:20]} 37. c4 {[%clk 0:00:09]} Rc5
{[%clk 0:00:20]} 38. Rf4 {[%clk 0:00:09]} Re4 {[%clk 0:00:17]} 39. Rxe4
{[%clk 0:00:08]} Bxe4 {[%clk 0:00:18]} 40. f3 {[%clk 0:00:09]} Bd3
{[%clk 0:00:19]} 41. Rc3 {[%clk 0:00:10]} Bxc4 {[%clk 0:00:18]} 42. Kf2 Ke6
{[%clk 0:00:19]} 43. Rc1 {[%clk 0:00:10]} Rc8 {[%clk 0:00:17]} 44. g4
{[%clk 0:00:09]} Kd5 {[%clk 0:00:15]} 45. Rd1+ {[%clk 0:00:10]} Kc5
{[%clk 0:00:17]} 46. h4 {[%clk 0:00:08]} Rh8 {[%clk 0:00:13]} 47. h5
{[%clk 0:00:09]} Bd5 {[%clk 0:00:13]} 48. Kg3 {[%clk 0:00:09]} Kd6
{[%clk 0:00:15]} 49. Re1 {[%clk 0:00:09]} Ra8 {[%clk 0:00:15]} 50. Re3
{[%clk 0:00:09]} Ra1 {[%clk 0:00:15]} 51. Kf4 {[%clk 0:00:10]} Rf1
{[%clk 0:00:14]} 52. Rd3 {[%clk 0:00:05]} Ke6 {[%clk 0:00:15]} 53. Re3+
{[%clk 0:00:07]} Kf7 {[%clk 0:00:16]} 54. Rd3 {[%clk 0:00:09]} Be6
{[%clk 0:00:15]} 55. Ra3 {[%clk 0:00:08]} 1/2-1/2

[Event "Blitz 2018"]
[Site "Saint-Petersburg"]
[Date "2018.12.29"]
[Round "3"]
[Board "62"]
[White "Apryshko Gleb (RUS)"]
[Black "Teske Henrik (GER)"]
[Result "1-0"]
[LiveChessVersion "1.4.8"]
[BlackElo "2565"]
[WhiteElo "2416"]

1. e4 {[%clk 0:03:04]} e6 {[%clk 0:03:02]} 2. Qe2 {[%clk 0:03:05]} c5
{[%clk 0:03:02]} 3. b3 {[%clk 0:03:06]} Nc6 4. Bb2 Nf6 {[%clk 0:03:00]} 5. Nf3
{[%clk 0:02:28]} Be7 {[%clk 0:02:53]} 6. e5 {[%clk 0:02:00]} Nd5 {[%clk 0:02:53]}
7. Nc3 {[%clk 0:02:01]} O-O {[%clk 0:02:45]} 8. O-O-O {[%clk 0:01:51]} d6
{[%clk 0:02:18]} 9. exd6 {[%clk 0:01:35]} Qxd6 {[%clk 0:02:06]} 10. Qc4
{[%clk 0:01:03]} a6 {[%clk 0:01:46]} 11. Kb1 {[%clk 0:00:46]} b5 {[%clk 0:01:44]}
12. Qg4 {[%clk 0:00:42]} Nf6 {[%clk 0:01:28]} 13. Qh4 {[%clk 0:00:21]} Bb7
{[%clk 0:01:20]} 14. Ng5 {[%clk 0:00:13]} h6 {[%clk 0:01:13]} 15. Nce4
{[%clk 0:00:10]} Nxe4 {[%clk 0:01:01]} 16. Nxe4 {[%clk 0:00:11]} Qd5
{[%clk 0:00:58]} 17. Qg3 {[%clk 0:00:11]} Nd4 {[%clk 0:00:52]} 18. Nc3
{[%clk 0:00:05]} Qg5 {[%clk 0:00:38]} 19. Qxg5 {[%clk 0:00:06]} hxg5
{[%clk 0:00:38]} 20. f3 {[%clk 0:00:07]} Rad8 {[%clk 0:00:37]} 21. Bd3
{[%clk 0:00:08]} f5 22. Rhe1 Kf7 {[%clk 0:00:33]} 23. Bf1 {[%clk 0:00:07]} Bc6
{[%clk 0:00:29]} 24. Ne2 {[%clk 0:00:08]} Bf6 25. Nxd4 {[%clk 0:00:05]} cxd4
{[%clk 0:00:28]} 26. Ba3 {[%clk 0:00:06]} Rfe8 {[%clk 0:00:29]} 27. Bc5
{[%clk 0:00:07]} a5 {[%clk 0:00:29]} 28. a3 {[%clk 0:00:08]} a4 {[%clk 0:00:29]}
29. b4 {[%clk 0:00:09]} Rb8 {[%clk 0:00:28]} 30. Bd3 {[%clk 0:00:10]} Bd5
{[%clk 0:00:28]} 31. Bd6 {[%clk 0:00:07]} Rb7 {[%clk 0:00:28]} 32. Be5
{[%clk 0:00:06]} Rc8 {[%clk 0:00:29]} 33. Kb2 {[%clk 0:00:06]} Bc4
{[%clk 0:00:29]} 34. Be2 {[%clk 0:00:04]} Bxe5 35. Bxc4 Rxc4 {[%clk 0:00:23]} 36.
Rxe5 {[%clk 0:00:07]} Rb6 {[%clk 0:00:24]} 37. c3 {[%clk 0:00:05]} Kf6
{[%clk 0:00:19]} 38. Rde1 {[%clk 0:00:06]} Rd6 {[%clk 0:00:17]} 39. Kc2
{[%clk 0:00:06]} dxc3 {[%clk 0:00:15]} 40. dxc3 {[%clk 0:00:07]} Rdc6
{[%clk 0:00:16]} 41. R5e3 {[%clk 0:00:07]} e5 {[%clk 0:00:17]} 42. Rd1
{[%clk 0:00:06]} g4 {[%clk 0:00:15]} 43. Rd5 {[%clk 0:00:06]} f4 {[%clk 0:00:12]}
44. Red3 {[%clk 0:00:07]} e4 {[%clk 0:00:13]} 45. fxe4 {[%clk 0:00:07]} Rxe4
{[%clk 0:00:14]} 46. Rxb5 {[%clk 0:00:08]} Re2+ {[%clk 0:00:14]} 47. Rd2
{[%clk 0:00:08]} Rce6 {[%clk 0:00:15]} 48. Rb8 {[%clk 0:00:05]} Kg5
{[%clk 0:00:15]} 49. Rf8 {[%clk 0:00:04]} R6e3 {[%clk 0:00:14]} 50. b5
{[%clk 0:00:05]} f3 {[%clk 0:00:13]} 51. gxf3 {[%clk 0:00:05]} gxf3
{[%clk 0:00:14]} 52. b6 {[%clk 0:00:04]} Re7 {[%clk 0:00:13]} 53. Rxf3
{[%clk 0:00:05]} R2e6 {[%clk 0:00:12]} 54. Rd5+ {[%clk 0:00:04]} Kh6
{[%clk 0:00:12]} 55. Rb5 {[%clk 0:00:06]} Rb7 {[%clk 0:00:13]} 56. Rf4
{[%clk 0:00:04]} Rexb6 {[%clk 0:00:13]} 57. Rxb6+ {[%clk 0:00:06]} Rxb6
{[%clk 0:00:14]} 58. Rxa4 {[%clk 0:00:07]} g5 {[%clk 0:00:15]} 59. h4
{[%clk 0:00:07]} gxh4 {[%clk 0:00:15]} 60. Rxh4+ {[%clk 0:00:09]} Kg5
{[%clk 0:00:16]} 61. Rd4 Kf5 62. Rb4 {[%clk 0:00:10]} 1-0

[Event "Blitz 2018"]
[Site "Saint-Petersburg"]
[Date "2018.12.29"]
[Round "3"]
[Board "63"]
[White "Khanin Semen (RUS)"]
[Black "Baron Tal (ISR)"]
[Result "1-0"]
[LiveChessVersion "1.4.8"]
[BlackElo "2421"]
[WhiteElo "2564"]

1. e4 {[%clk 0:03:03]} e6 {[%clk 0:03:04]} 2. d4 {[%clk 0:03:03]} d5
{[%clk 0:03:05]} 3. Nc3 Nf6 4. e5 {[%clk 0:03:04]} Nfd7 {[%clk 0:03:08]} 5. f4
{[%clk 0:03:05]} c5 {[%clk 0:03:09]} 6. Nf3 {[%clk 0:03:05]} Nc6 {[%clk 0:03:11]}
7. Be3 {[%clk 0:03:06]} cxd4 {[%clk 0:03:12]} 8. Nxd4 {[%clk 0:03:06]} Qb6
{[%clk 0:03:14]} 9. Qd2 {[%clk 0:02:57]} Qxb2 {[%clk 0:03:15]} 10. Rb1
{[%clk 0:02:57]} Qa3 {[%clk 0:03:16]} 11. Bb5 {[%clk 0:02:52]} Nxd4
{[%clk 0:03:17]} 12. Bxd4 {[%clk 0:02:52]} a6 {[%clk 0:03:19]} 13. Bxd7+
{[%clk 0:02:46]} Bxd7 {[%clk 0:03:20]} 14. Rb3 {[%clk 0:02:39]} Qe7
{[%clk 0:03:20]} 15. Rxb7 {[%clk 0:02:39]} Rc8 {[%clk 0:03:18]} 16. f5
{[%clk 0:02:01]} Qh4+ {[%clk 0:02:31]} 17. g3 {[%clk 0:01:42]} Qg4
{[%clk 0:02:31]} 18. Rf1 {[%clk 0:01:17]} exf5 {[%clk 0:02:10]} 19. Rf4
{[%clk 0:01:16]} Qg6 {[%clk 0:02:06]} 20. Rxd7 {[%clk 0:01:03]} Kxd7
{[%clk 0:01:58]} 21. Nxd5 {[%clk 0:01:03]} Ke8 {[%clk 0:01:49]} 22. Bb6
{[%clk 0:00:41]} Qc6 {[%clk 0:01:44]} 23. Rd4 {[%clk 0:00:34]} Bc5
{[%clk 0:01:04]} 24. Qg5 {[%clk 0:00:20]} Kf8 {[%clk 0:00:38]} 25. Bxc5+
{[%clk 0:00:05]} Qxc5 {[%clk 0:00:39]} 26. c3 {[%clk 0:00:05]} h5
{[%clk 0:00:29]} 27. Qxf5 {[%clk 0:00:06]} Rh6 {[%clk 0:00:30]} 28. Kd2
{[%clk 0:00:06]} Rb8 {[%clk 0:00:22]} 29. Kd3 {[%clk 0:00:05]} Kg8
{[%clk 0:00:14]} 30. Qd7 {[%clk 0:00:03]} Rc6 {[%clk 0:00:11]} 31. Ne7+
{[%clk 0:00:04]} Kf8 {[%clk 0:00:07]} 32. Nxc6 {[%clk 0:00:04]} Qb5+
{[%clk 0:00:08]} 33. Ke3 {[%clk 0:00:05]} Ra8 {[%clk 0:00:06]} 34. Qd6+
{[%clk 0:00:05]} Kg8 {[%clk 0:00:07]} 35. Ne7+ {[%clk 0:00:05]} Kh8
{[%clk 0:00:08]} 36. Qd5 {[%clk 0:00:06]} Qb8 {[%clk 0:00:06]} 37. Rf4
{[%clk 0:00:04]} Qa7+ {[%clk 0:00:06]} 38. Kf3 {[%clk 0:00:04]} Qxe7
{[%clk 0:00:07]} 39. Qxa8+ {[%clk 0:00:05]} Kh7 {[%clk 0:00:08]} 40. Qe4+
{[%clk 0:00:06]} g6 {[%clk 0:00:08]} 41. e6 {[%clk 0:00:07]} f5 {[%clk 0:00:05]}
42. Qd5 {[%clk 0:00:08]} Qf6 {[%clk 0:00:05]} 43. Rc4 {[%clk 0:00:07]} 1-0

[Event "Blitz 2018"]
[Site "Saint-Petersburg"]
[Date "2018.12.29"]
[Round "3"]
[Board "64"]
[White "Vokhidov Shamsiddin (UZB)"]
[Black "Gabrielian Artur (RUS)"]
[Result "1-0"]
[LiveChessVersion "1.4.8"]
[BlackElo "2562"]
[WhiteElo "2414"]

1. e4 {[%clk 0:03:03]} c5 {[%clk 0:03:03]} 2. Nf3 {[%clk 0:03:04]} d6
{[%clk 0:03:05]} 3. d4 {[%clk 0:03:02]} cxd4 {[%clk 0:03:05]} 4. Nxd4
{[%clk 0:03:03]} Nf6 {[%clk 0:03:06]} 5. Nc3 {[%clk 0:03:03]} Nc6
{[%clk 0:03:07]} 6. Bg5 {[%clk 0:03:04]} e6 {[%clk 0:03:08]} 7. Qd2
{[%clk 0:03:05]} a6 {[%clk 0:03:10]} 8. O-O-O {[%clk 0:03:05]} Bd7
{[%clk 0:03:11]} 9. f3 {[%clk 0:03:01]} Be7 {[%clk 0:03:11]} 10. Kb1
{[%clk 0:03:00]} Nxd4 {[%clk 0:03:08]} 11. Qxd4 {[%clk 0:03:01]} b5
{[%clk 0:03:08]} 12. g4 {[%clk 0:02:54]} Qc7 {[%clk 0:03:07]} 13. h4
{[%clk 0:02:52]} h5 {[%clk 0:03:08]} 14. gxh5 {[%clk 0:02:50]} Nxh5
{[%clk 0:03:09]} 15. Rg1 {[%clk 0:02:40]} Nf6 {[%clk 0:02:41]} 16. Bh3
{[%clk 0:02:34]} Rc8 {[%clk 0:02:27]} 17. Rg2 {[%clk 0:02:17]} a5
{[%clk 0:02:17]} 18. Rgd2 {[%clk 0:02:01]} b4 {[%clk 0:02:15]} 19. Ne2
{[%clk 0:02:02]} Ba4 {[%clk 0:01:57]} 20. b3 {[%clk 0:01:40]} Bb5
{[%clk 0:01:58]} 21. Qe3 {[%clk 0:01:39]} Bxe2 {[%clk 0:01:43]} 22. Qxe2
{[%clk 0:01:38]} Kf8 {[%clk 0:01:35]} 23. f4 {[%clk 0:01:35]} a4 {[%clk 0:01:24]}
24. e5 {[%clk 0:01:30]} axb3 {[%clk 0:01:18]} 25. axb3 {[%clk 0:01:29]} dxe5
{[%clk 0:01:14]} 26. fxe5 {[%clk 0:01:30]} Nd5 {[%clk 0:01:10]} 27. Rxd5
{[%clk 0:01:30]} exd5 {[%clk 0:01:10]} 28. Bxc8 {[%clk 0:01:29]} Bxg5
{[%clk 0:01:08]} 29. hxg5 {[%clk 0:01:20]} Qxc8 {[%clk 0:01:08]} 30. Qb5
{[%clk 0:01:18]} Rh2 {[%clk 0:01:01]} 31. Qxb4+ {[%clk 0:01:10]} Kg8 32. Rc1
{[%clk 0:01:06]} Re2 {[%clk 0:00:44]} 33. g6 {[%clk 0:00:56]} Rxe5
{[%clk 0:00:38]} 34. gxf7+ {[%clk 0:00:54]} Kxf7 {[%clk 0:00:39]} 35. Qd6
{[%clk 0:00:49]} Rf5 {[%clk 0:00:33]} 36. Rg1 {[%clk 0:00:46]} Kg8
{[%clk 0:00:21]} 37. Re1 {[%clk 0:00:33]} Qf8 {[%clk 0:00:10]} 38. Qd7
{[%clk 0:00:29]} Qf6 {[%clk 0:00:07]} 39. Qc8+ {[%clk 0:00:22]} Qf8
{[%clk 0:00:08]} 40. Re8 {[%clk 0:00:23]} 1-0

[Event "Blitz 2018"]
[Site "Saint-Petersburg"]
[Date "2018.12.29"]
[Round "3"]
[Board "65"]
[White "Moiseenko Vadim (RUS)"]
[Black "Tissir Mohamed (MAR)"]
[Result "0-1"]
[LiveChessVersion "1.4.8"]
[BlackElo "2381"]
[WhiteElo "2560"]

1. e4 {[%clk 0:03:03]} c5 {[%clk 0:03:03]} 2. Nf3 {[%clk 0:03:04]} d6
{[%clk 0:03:04]} 3. d4 {[%clk 0:03:05]} cxd4 {[%clk 0:03:05]} 4. Nxd4
{[%clk 0:03:06]} Nf6 {[%clk 0:03:05]} 5. Nc3 a6 6. Be3 {[%clk 0:03:07]} e6
{[%clk 0:03:07]} 7. Be2 {[%clk 0:03:08]} b5 {[%clk 0:02:56]} 8. Bf3
{[%clk 0:03:05]} e5 {[%clk 0:02:51]} 9. Nf5 {[%clk 0:03:06]} g6 {[%clk 0:02:49]}
10. Ng3 {[%clk 0:02:44]} Bb7 {[%clk 0:02:37]} 11. O-O {[%clk 0:02:40]} Be7
{[%clk 0:02:26]} 12. Qd2 {[%clk 0:02:37]} h5 {[%clk 0:02:21]} 13. a4
{[%clk 0:02:12]} h4 {[%clk 0:02:12]} 14. Nge2 {[%clk 0:02:11]} b4
{[%clk 0:02:11]} 15. Na2 {[%clk 0:01:43]} a5 {[%clk 0:01:59]} 16. c3
{[%clk 0:01:39]} Nxe4 {[%clk 0:01:51]} 17. Qd3 {[%clk 0:01:28]} d5
{[%clk 0:01:48]} 18. cxb4 {[%clk 0:01:27]} axb4 {[%clk 0:01:42]} 19. Nxb4
{[%clk 0:01:27]} O-O {[%clk 0:01:36]} 20. Rfd1 {[%clk 0:01:07]} Nxf2
{[%clk 0:00:31]} 21. Bxf2 {[%clk 0:01:07]} Bxb4 {[%clk 0:00:32]} 22. Qb5
{[%clk 0:01:01]} Qe7 {[%clk 0:00:31]} 23. Bxh4 {[%clk 0:00:45]} Qxh4
{[%clk 0:00:18]} 24. Qxb7 {[%clk 0:00:45]} Na6 {[%clk 0:00:15]} 25. Bxd5
{[%clk 0:00:45]} Bc5+ {[%clk 0:00:15]} 26. Kh1 {[%clk 0:00:45]} Ra7
{[%clk 0:00:16]} 27. Qc6 {[%clk 0:00:43]} Qg5 {[%clk 0:00:07]} 28. Ng3
{[%clk 0:00:36]} Kg7 {[%clk 0:00:06]} 29. Bc4 Rh8 30. Qf3 {[%clk 0:00:15]} Rxh2+
{[%clk 0:00:08]} 0-1

[Event "Blitz 2018"]
[Site "Saint-Petersburg"]
[Date "2018.12.29"]
[Round "3"]
[Board "66"]
[White "Yakubboev Nodirbek (UZB)"]
[Black "Popov Ivan (RUS)"]
[Result "0-1"]
[LiveChessVersion "1.4.8"]
[BlackElo "2560"]
[WhiteElo "2388"]

1. d4 {[%clk 0:03:02]} d5 {[%clk 0:03:04]} 2. Nf3 {[%clk 0:02:59]} Nf6
{[%clk 0:03:05]} 3. Bg5 {[%clk 0:03:00]} e6 {[%clk 0:02:56]} 4. e3
{[%clk 0:02:56]} Be7 {[%clk 0:02:56]} 5. c4 {[%clk 0:02:39]} O-O {[%clk 0:02:54]}
6. Nc3 {[%clk 0:02:39]} b6 {[%clk 0:02:49]} 7. cxd5 {[%clk 0:02:29]} exd5
{[%clk 0:02:42]} 8. Bd3 {[%clk 0:02:13]} Bb7 {[%clk 0:02:43]} 9. Ne5
{[%clk 0:01:48]} c5 {[%clk 0:02:38]} 10. O-O {[%clk 0:01:37]} Nc6
{[%clk 0:02:38]} 11. Nxc6 {[%clk 0:01:35]} Bxc6 {[%clk 0:02:39]} 12. dxc5
{[%clk 0:01:34]} bxc5 {[%clk 0:02:38]} 13. Qc2 {[%clk 0:01:16]} h6
{[%clk 0:02:37]} 14. Bh4 {[%clk 0:01:07]} d4 {[%clk 0:02:25]} 15. exd4
{[%clk 0:01:03]} cxd4 {[%clk 0:02:26]} 16. Bxf6 {[%clk 0:00:47]} Bxf6
{[%clk 0:02:27]} 17. Ne4 {[%clk 0:00:48]} Rc8 {[%clk 0:02:28]} 18. Qd2
{[%clk 0:00:34]} Be5 {[%clk 0:01:55]} 19. f3 {[%clk 0:00:21]} Qc7
{[%clk 0:01:29]} 20. f4 {[%clk 0:00:11]} Bxe4 {[%clk 0:01:15]} 21. Bxe4
{[%clk 0:00:11]} Bf6 {[%clk 0:01:16]} 22. Rac1 {[%clk 0:00:10]} Qb6
{[%clk 0:01:16]} 23. Bd3 {[%clk 0:00:10]} Rce8 {[%clk 0:01:09]} 24. b4
{[%clk 0:00:06]} Re3 {[%clk 0:01:09]} 25. b5 {[%clk 0:00:06]} Rfe8
{[%clk 0:01:02]} 26. Rc6 {[%clk 0:00:07]} Qb8 {[%clk 0:01:03]} 27. a4
{[%clk 0:00:06]} Bd8 {[%clk 0:00:49]} 28. Rfc1 {[%clk 0:00:04]} Qxf4
{[%clk 0:00:46]} 29. Rf1 {[%clk 0:00:04]} Qg5 {[%clk 0:00:31]} 30. Bc4
{[%clk 0:00:05]} Bf6 {[%clk 0:00:32]} 31. a5 {[%clk 0:00:05]} d3 {[%clk 0:00:28]}
32. b6 {[%clk 0:00:04]} axb6 {[%clk 0:00:28]} 33. axb6 {[%clk 0:00:05]} Qe5
{[%clk 0:00:21]} 34. Rc7 {[%clk 0:00:06]} Kh8 {[%clk 0:00:21]} 35. Rxf7
{[%clk 0:00:06]} Qd4 {[%clk 0:00:21]} 36. Kh1 {[%clk 0:00:04]} Qxc4
{[%clk 0:00:21]} 37. b7 {[%clk 0:00:05]} Qxf7 {[%clk 0:00:21]} 38. Qxe3
{[%clk 0:00:06]} Rxe3 {[%clk 0:00:21]} 39. b8=Q+ {[%clk 0:00:07]} Kh7
{[%clk 0:00:18]} 40. Qf4 {[%clk 0:00:07]} Qe6 {[%clk 0:00:18]} 0-1

[Event "Blitz 2018"]
[Site "Saint-Petersburg"]
[Date "2018.12.29"]
[Round "3"]
[Board "67"]
[White "Frolyanov Dmitry (RUS)"]
[Black "Kabanov Nikolai (RUS)"]
[Result "0-1"]
[LiveChessVersion "1.4.8"]
[BlackElo "2311"]
[WhiteElo "2557"]

1. e4 {[%clk 0:03:03]} e5 {[%clk 0:03:03]} 2. Nf3 {[%clk 0:03:04]} d6
{[%clk 0:03:04]} 3. d4 {[%clk 0:03:05]} exd4 {[%clk 0:03:05]} 4. Nxd4
{[%clk 0:03:05]} Nf6 {[%clk 0:03:06]} 5. Nc3 {[%clk 0:03:05]} Be7
{[%clk 0:03:08]} 6. g3 {[%clk 0:03:04]} O-O {[%clk 0:03:06]} 7. Bg2
{[%clk 0:03:05]} Re8 {[%clk 0:03:05]} 8. O-O {[%clk 0:03:04]} c6 {[%clk 0:03:06]}
9. h3 {[%clk 0:03:03]} Bf8 {[%clk 0:02:59]} 10. Re1 {[%clk 0:03:03]} Na6
{[%clk 0:03:00]} 11. Bf4 {[%clk 0:02:58]} Nc5 {[%clk 0:02:45]} 12. Qd2
{[%clk 0:02:51]} Nfd7 {[%clk 0:02:30]} 13. Nb3 {[%clk 0:02:44]} Nxb3
{[%clk 0:02:15]} 14. axb3 {[%clk 0:02:45]} Ne5 {[%clk 0:02:14]} 15. Kh2
{[%clk 0:02:26]} Qc7 {[%clk 0:01:51]} 16. Rad1 {[%clk 0:02:25]} Be6
{[%clk 0:01:47]} 17. Be3 {[%clk 0:02:18]} f6 {[%clk 0:01:35]} 18. f4
{[%clk 0:02:14]} Nf7 {[%clk 0:01:35]} 19. Ne2 {[%clk 0:02:09]} Rad8
{[%clk 0:01:33]} 20. Nd4 {[%clk 0:01:55]} Bc8 {[%clk 0:01:34]} 21. Bf2
{[%clk 0:01:49]} a6 {[%clk 0:01:30]} 22. Nf3 {[%clk 0:01:30]} c5 {[%clk 0:01:20]}
23. Ng1 {[%clk 0:01:25]} b5 {[%clk 0:01:17]} 24. Ne2 {[%clk 0:00:41]} b4
{[%clk 0:01:18]} 25. g4 {[%clk 0:00:37]} Bb7 {[%clk 0:01:11]} 26. Ng3
{[%clk 0:00:38]} Bc6 {[%clk 0:00:59]} 27. h4 {[%clk 0:00:39]} Nh6
{[%clk 0:00:46]} 28. Bf3 {[%clk 0:00:37]} Qc8 {[%clk 0:00:46]} 29. f5
{[%clk 0:00:33]} Nf7 {[%clk 0:00:42]} 30. g5 {[%clk 0:00:33]} Ne5
{[%clk 0:00:40]} 31. Qf4 {[%clk 0:00:33]} Qb7 {[%clk 0:00:26]} 32. gxf6
{[%clk 0:00:32]} gxf6 {[%clk 0:00:27]} 33. Bh1 {[%clk 0:00:22]} d5
{[%clk 0:00:19]} 34. Nh5 {[%clk 0:00:14]} Kf7 {[%clk 0:00:15]} 35. exd5
{[%clk 0:00:12]} Bxd5 {[%clk 0:00:16]} 36. Rxd5 {[%clk 0:00:09]} Rxd5
{[%clk 0:00:17]} 37. Ng3 {[%clk 0:00:00]} Red8 {[%clk 0:00:17]} 38. Ne4 0-1

[Event "Blitz 2018"]
[Site "Saint-Petersburg"]
[Date "2018.12.29"]
[Round "3"]
[Board "68"]
[White "Khayat Abdullah F (KSA)"]
[Black "Kovalev Vladislav (BLR)"]
[Result "0-1"]
[LiveChessVersion "1.4.8"]
[BlackElo "2553"]
[WhiteElo "1709"]

1. Nf3 {[%clk 0:03:03]} Nf6 {[%clk 0:03:04]} 2. g3 {[%clk 0:03:04]} g6 3. Bg2 Bg7
{[%clk 0:03:06]} 4. O-O {[%clk 0:03:06]} O-O {[%clk 0:03:06]} 5. d4
{[%clk 0:03:07]} d6 {[%clk 0:03:08]} 6. Re1 {[%clk 0:03:08]} Nc6 {[%clk 0:03:03]}
7. c3 {[%clk 0:03:10]} e5 {[%clk 0:03:03]} 8. e3 {[%clk 0:03:04]} Re8
{[%clk 0:03:02]} 9. Qb3 {[%clk 0:02:59]} Rb8 {[%clk 0:02:58]} 10. Ng5
{[%clk 0:02:57]} d5 {[%clk 0:02:48]} 11. Nd2 {[%clk 0:02:46]} exd4
{[%clk 0:02:46]} 12. cxd4 {[%clk 0:02:30]} Nxd4 {[%clk 0:02:46]} 13. Qd1
{[%clk 0:02:23]} Ne6 {[%clk 0:02:41]} 14. Nxe6 {[%clk 0:02:02]} Bxe6
{[%clk 0:02:41]} 15. Nb3 {[%clk 0:02:03]} b6 {[%clk 0:02:41]} 16. Nd4
{[%clk 0:01:56]} Bd7 {[%clk 0:02:41]} 17. Bd2 {[%clk 0:01:49]} c5
{[%clk 0:02:42]} 18. Ne2 {[%clk 0:01:28]} Ne4 {[%clk 0:02:33]} 19. Bxe4
{[%clk 0:00:53]} dxe4 {[%clk 0:02:34]} 20. Bc3 {[%clk 0:00:53]} Bg4
{[%clk 0:02:33]} 21. Qxd8 {[%clk 0:00:36]} Rbxd8 {[%clk 0:02:34]} 22. Bxg7
{[%clk 0:00:36]} Kxg7 {[%clk 0:02:34]} 23. Nc3 {[%clk 0:00:12]} Rd2
{[%clk 0:02:33]} 24. b3 {[%clk 0:00:08]} Bf3 {[%clk 0:02:33]} 25. a4
{[%clk 0:00:04]} a5 {[%clk 0:02:21]} 26. Ra2 {[%clk 0:00:03]} Red8
{[%clk 0:02:15]} 27. Rxd2 {[%clk 0:00:04]} Rxd2 {[%clk 0:02:16]} 28. Nb1
{[%clk 0:00:04]} Rd3 {[%clk 0:02:15]} 29. Na3 {[%clk 0:00:04]} Rxb3
{[%clk 0:02:13]} 30. Nc4 {[%clk 0:00:04]} Rb4 {[%clk 0:02:13]} 31. Rc1
{[%clk 0:00:03]} Be2 {[%clk 0:02:04]} 32. Nd6 {[%clk 0:00:00]} 0-1